Datum a čas kvízu
33
Celkem bodů
Celkový počet nahraných bodů na tomto kvízu bez doplňovacích otázek.
3.
Pořadí na kvízu
Konečné umístění týmu na tomto kvízu.
Zaznamenané odpovědi
| # | Otázka | Odpověď | Body | Výsledky |
|---|---|---|---|---|
| 1. | Nedaleko jednoho severočeského... | Bílina | 0 | |
| 2. | Vláda jednoho z karibských ost... | Barbados | 0 | |
| 3. | Internetová platforma TikTok p... | YouTube | 0 | |
| 4. | Další z obchodních řetězců pů... | Lidl | 1 | |
| 5. | Hokejový útočník a bronzový me... | Rostislav Olesz | 0 | |
| 6. | Po dějinách Ukrajiny, které js... | Štěpán I. (Svatý) | 1 | |
| 7. | Jak se nazývá město v jižním M... | Moháč | 1 | |
| 8. | V rámci Pařížské mírové konfer... | Trianonská smlouva | 0 | |
| 9. | Období mezi lety 1969–1989 v M... | János Kádár | 0 | |
| 10. | Napište šestipísmennou zkratku... | Fidesz | 0 |